<?xml version="1.0" encoding="UTF-8"?>
<record
    xmlns:xsi="http://www.w3.org/2001/XMLSchema-instance"
    xsi:schemaLocation="http://www.loc.gov/MARC21/slim http://www.loc.gov/standards/marcxml/schema/MARC21slim.xsd"
    xmlns="http://www.loc.gov/MARC21/slim">

  <leader>00674nam a2200193Ia 4500</leader>
  <datafield tag="999" ind1=" " ind2=" ">
    <subfield code="c">46514</subfield>
    <subfield code="d">46514</subfield>
  </datafield>
  <controlfield tag="001">13353</controlfield>
  <controlfield tag="003">GE_BSU</controlfield>
  <controlfield tag="005">20240906173503.0</controlfield>
  <controlfield tag="008">181216s2014||||ru |||||||||||||| ||rus||</controlfield>
  <datafield tag="020" ind1=" " ind2=" ">
    <subfield code="a">9785906016317</subfield>
  </datafield>
  <datafield tag="040" ind1=" " ind2=" ">
    <subfield code="c">GE_BSU</subfield>
  </datafield>
  <datafield tag="080" ind1=" " ind2=" ">
    <subfield code="a">28 &#x410;-56</subfield>
  </datafield>
  <datafield tag="100" ind1=" " ind2=" ">
    <subfield code="a">&#x410;&#x43B;&#x44C;-&#x414;&#x436;&#x430;&#x43D;&#x430;&#x431;&#x438;, &#x41C;. &#x41C;.</subfield>
    <subfield code="9">23180</subfield>
  </datafield>
  <datafield tag="245" ind1=" " ind2=" ">
    <subfield code="a">&#x424;&#x438;&#x43B;&#x43E;&#x441;&#x43E;&#x444;&#x438;&#x44F; &#x441;&#x43E;&#x432;&#x440;&#x435;&#x43C;&#x435;&#x43D;&#x43D;&#x43E;&#x439; &#x43C;&#x443;&#x441;&#x443;&#x43B;&#x44C;&#x43C;&#x430;&#x43D;&#x441;&#x43A;&#x43E;&#x439; &#x440;&#x435;&#x444;&#x43E;&#x440;&#x43C;&#x430;&#x446;&#x438;&#x438; /</subfield>
    <subfield code="c">&#x41C;. &#x41C;.  &#x410;&#x43B;&#x44C;-&#x414;&#x436;&#x430;&#x43D;&#x430;&#x431;&#x438;.</subfield>
  </datafield>
  <datafield tag="264" ind1=" " ind2=" ">
    <subfield code="a">&#x41C;&#x43E;&#x441;&#x43A;&#x432;&#x430; :</subfield>
    <subfield code="b">&#x41E;&#x41E;&#x41E; &#x421;&#x430;&#x434;&#x440;&#x430;,</subfield>
    <subfield code="c">2014.</subfield>
  </datafield>
  <datafield tag="300" ind1=" " ind2=" ">
    <subfield code="a">432 &#x441;&#x442;&#x440;. ;</subfield>
    <subfield code="c">21&#x441;&#x43C;.</subfield>
  </datafield>
  <datafield tag="653" ind1=" " ind2=" ">
    <subfield code="a">&#x424;&#x438;&#x43B;&#x43E;&#x441;&#x43E;&#x444;&#x438;&#x44F; &#x441;&#x43E;&#x432;&#x440;&#x435;&#x43C;&#x435;&#x43D;&#x43D;&#x43E;&#x439; &#x43C;&#x443;&#x441;&#x443;&#x43B;&#x44C;&#x43C;&#x430;&#x43D;&#x441;&#x43A;&#x43E;&#x439; &#x440;&#x435;&#x444;&#x43E;&#x440;&#x43C;&#x430;&#x446;&#x438;&#x438;</subfield>
  </datafield>
  <datafield tag="942" ind1=" " ind2=" ">
    <subfield code="c">BK</subfield>
    <subfield code="2">udc</subfield>
  </datafield>
  <datafield tag="952" ind1=" " ind2=" ">
    <subfield code="0">0</subfield>
    <subfield code="1">0</subfield>
    <subfield code="2">udc</subfield>
    <subfield code="4">0</subfield>
    <subfield code="6">28_&#x410;56</subfield>
    <subfield code="7">0</subfield>
    <subfield code="9">60969</subfield>
    <subfield code="a">CPL</subfield>
    <subfield code="b">CPL</subfield>
    <subfield code="c">GEN</subfield>
    <subfield code="d">2018-12-17</subfield>
    <subfield code="o">28 &#x410;-56</subfield>
    <subfield code="p">27251</subfield>
    <subfield code="r">2018-12-17</subfield>
    <subfield code="t">27251</subfield>
    <subfield code="w">2018-12-17</subfield>
    <subfield code="y">BK</subfield>
  </datafield>
</record>
